Textos seleccionados / (Record no. 12895)

MARC details
000 -LEADER
campo de control de longitud fija 00774nam a2200205 i 4500
001 - NÚMERO DE CONTROL
campo de control 12895
003 - IDENTIFICADOR DE NÚMERO DE CONTROL
campo de control ES-MaACL
005 - FECHA Y HORA DE LA ÚLTIMA TRANSACCIÓN
campo de control 20250721062554.0
007 - CAMPO FIJO DE DESCRIPCIÓN FÍSICA--INFORMACIÓN GENERAL
campo de control de longitud fija t|
008 - DATOS DE LONGITUD FIJA--INFORMACIÓN GENERAL
campo de control de longitud fija 960920s1995 sp ||||0| spa
080 ## - NÚMERO DE LA CLASIFICACIÓN DECIMAL UNIVERSAL
Número de la Clasificación Decimal Universal 33(081) Zumalacarregui y Prat, José María
100 1# - ENTRADA PRINCIPAL--NOMBRE DE PERSONA
Nombre de persona Zumalacárregui y Prat, José María.
9 (RLIN) 118485
245 10 - MENCIÓN DEL TÍTULO
Título Textos seleccionados /
Mención de responsabilidad, etc. José María Zumalacárregui y Prat.
260 ## - PUBLICACIÓN, DISTRIBUCIÓN, ETC.
Lugar de publicación, distribución, etc. [Madrid] :
Nombre del editor, distribuidor, etc. Fundación Fondo para la Investigación Económica y Social, Obra Social de la Confederación Española de Cajas de Ahorros,
Fecha de publicación, distribución, etc. [1995]
300 ## - DESCRIPCIÓN FÍSICA
Extensión 573 p. ;
Dimensiones 24 cm.
650 17 - PUNTO DE ACCESO ADICIONAL DE MATERIA--TÉRMINO DE MATERIA
Término de materia o nombre geográfico como elemento de entrada Economía
Fuente del encabezamiento o término embne
9 (RLIN) 12006
710 2# - ENTRADA AGREGADA--NOMBRE DE ENTIDAD CORPORATIVA
Nombre de entidad corporativa o nombre de jurisdicción como elemento de entrada Fundación Fondo para la Investigación Económica y Social.
9 (RLIN) 4305
852 ## - LOCALIZACIÓN
Ubicación ES-MaACL
Número de control de estantería L-20215
Holdings
Estatus retirado Estado de pérdida Estado de daño No para préstamo Biblioteca de origen Biblioteca actual Ubicación en estantería Fecha de adquisición Fuente de adquisición Total de préstamos Signatura topográfica completa Código de barras Visto por última vez Precio de reemplazo Tipo de ítem Koha
        Biblioteca del Ateneo de Madrid Biblioteca del Ateneo de Madrid Depósito 2 17/01/2008     L-20215 1013134 23/02/2023 23/02/2023 Libro impreso